000 01892nam a2200445 c 4500
001 53641
003 ES-MaCES
005 20250403132453.0
007 cr |||||||||||
008 250331s2022 sz |||||rt i||| ||spa
020 _a99789220376126 (pdf web)
040 _aES-MaCES
_bspa
_cES-MaCES
041 0 _aspa
_afre
_aeng
245 1 3 _aLa migración laboral temporal
_hRecurso electrónico
_b: desentrañar sus complejidades
250 _a1ª ed
260 _aGinebra
_bOficina International del Trabajo (OIT)
_c2022
300 _a1 documento pdf
_c(2,06 mb)
500 _aPub. también disponible en inglés: Temporary labour migration: Unpacking complexities, synthesis Report; ISBN 978-92-2-037610-2 (pdf web) y en francés: La migration temporaire de main-d’oeuvre, un phénomène complexe; ISBN 978-92-2-037611-9 (pdf web)
504 _aBibliogrfafía: p. 61-67
541 _cGratuito
650 4 _amigración internacional
_929805
650 4 _atrabajador migrante
_928408
650 4 _atrabajador temporal
_929204
650 4 _aempleo estacional
_930460
650 4 _aempleo temporal
_929000
650 4 _apolítica laboral
_928290
650 4 _aprotección social
_929076
650 4 _acondiciones de empleo
_930040
650 4 _acondiciones de trabajo
_928327
650 4 _aderechos de los trabajadores
_929924
650 4 _arepertorio de recomendaciones prácticas
_929261
653 1 0 _aEmpleo
710 2 _94718
_aOrganización Internacional del Trabajo
710 2 _94717
_aOrganización Iberoamericana de Seguridad Social
740 0 2 _aTemporary labour migration, unpacking complexities, synthesis Report
740 3 2 _aLa migration temporaire de main-d’oeuvre, un phénomène complexe
856 4 _uhttp://biblioteca.ces.es/repintra/B53641.pdf
_ytexto completo
_z[intranet]
902 _aELE PUB. ELECTRONICA
942 _2CES
_cBK
_h2.1.
999 _c53641
_d53641